[Event "Kurnosov Memorial Rapid 2019"]
[Site "Chelyabinsk"]
[Date "2019.09.06"]
[Round "3.7"]
[White "Yudin, Sergei"]
[Black "Kabanov, Nikolai"]
[Result "1-0"]
[WhiteElo "2494"]
[BlackElo "2455"]
[Annotator "ChessBase"]
[PlyCount "79"]
[EventDate "2019.09.06"]
[EventType "swiss"]
[EventCountry "RUS"]
[SourceTitle "playchess.com"]
[Source "ChessBase"]
[SourceQuality "1"]
[TimeControl "900+10"]

1. e4 {[%emt 0:01:19]} e5 {[%emt 0:00:00]} 2. Nf3 {[%emt 0:00:02]} Nf6 {[%emt 0:00:00]} 3. d3 {[%emt 0:00:07]} Nc6 {[%emt 0:00:00]} 4. Nbd2 {[%emt 0:00:02]} d5 {[%emt 0:00:07]} 5. Be2 {[%emt 0:00:01]} Bc5 {[%emt 0:00:04]} 6. O-O {[%emt 0:00:03]} O-O {[%emt 0:00:03]} 7. c3 {[%emt 0:00:02]} a5 {[%emt 0:00:07]} 8. h3 {[%emt 0:00:05]} Re8 {[%emt 0:00:08]} 9. Re1 {[%emt 0:00:05]} a4 {[%emt 0:00:49]} 10. Qc2 {[%emt 0:00:03]} h6 {[%emt 0:01:41]} 11. exd5 {[%emt 0:00:21]} Nxd5 {[%emt 0:00:42]} 12. Ne4 {[%emt 0:00:22]} Ba7 {[%emt 0:00:26]} 13. Bd2 {[%emt 0:00:04]} f5 {[%emt 0:01:02]} 14. Ng3 {[%emt 0:00:02]} f4 {[%emt 0:00:08]} 15. Ne4 {[%emt 0:00:13]} Bf5 {[%emt 0:00:05]} 16. b4 {[%emt 0:00:05]} axb3 {[%emt 0:00:49]} 17. axb3 {[%emt 0:00:02]} Qd7 {[%emt 0:01:36]} 18. Bf1 {[%emt 0:00:28]} Kh8 {[%emt 0:00:22]} 19. b4 {[%emt 0:00:04]} b5 {[%emt 0:00:06]} 20. Qb3 {[%emt 0:00:21]} Nde7 {[%emt 0:01:18]} 21. Ra3 {[%emt 0:01:18]} Bb6 {[%emt 0:00:19]} 22. Rea1 {[%emt 0:00:28]} Rad8 {[%emt 0:00:22]} 23. Be1 {[%emt 0:00:24]} Ng6 {[%emt 0:00:07]} 24. Ra6 {[%emt 0:00:33]} Qe7 {[%emt 0:00:35]} 25. Nc5 {[%emt 0:01:48]} Nb8 {[%emt 0:00:33]} 26. Ra8 {[%emt 0:00:31]} Nd7 {[%emt 0:01:13]} 27. Rxd8 {[%emt 0:00:09]} Rxd8 {[%emt 0:00:01]} 28. d4 {[%emt 0:00:12]} e4 {[%emt 0:00:13]} 29. Nh2 {[%emt 0:00:57]} Nh4 {[%emt 0:01:06]} 30. f3 {[%emt 0:00:38]} e3 {[%emt 0:00:43]} 31. Bxb5 {[%emt 0:00:56]} Bxc5 {[%emt 0:00:33]} 32. bxc5 {[%emt 0:00:08]} Qg5 {[%emt 0:00:56]} 33. Ng4 {[%emt 0:00:36]} Rb8 {[%emt 0:00:40]} 34. Qa4 {[%emt 0:01:39]} Nf6 {[%emt 0:00:04]} 35. Bf1 {[%emt 0:00:10]} Nxf3+ {[%emt 0:01:10]} 36. gxf3 {[%emt 0:00:09]} h5 {[%emt 0:00:21]} 37. Qa2 {[%emt 0:00:45]} hxg4 {[%emt 0:00:22]} 38. hxg4 {[%emt 0:00:02]} g6 {[%emt 0:01:50]} 39. Qh2+ {[%emt 0:00:10]} Kg7 {[%emt 0:00:07]} 40. Bh4 {[%emt 0:00:05]} 1-0

[Event "Kurnosov Memorial Rapid 2019"]
[Site "Chelyabinsk"]
[Date "2019.09.06"]
[Round "3.8"]
[White "Kostenko, Petr"]
[Black "Pridorozhni, Aleksei"]
[Result "1-0"]
[WhiteElo "2472"]
[BlackElo "2599"]
[Annotator "TA"]
[PlyCount "49"]
[EventDate "2019.09.06"]
[EventType "swiss"]
[EventCountry "RUS"]
[SourceTitle "playchess.com"]
[Source "ChessBase"]
[SourceQuality "1"]

{[%evp 9,53,12,14,12,8,8,12,-14,-8,-22,-20,-61,14,0,-7,0,46,-65,-54,-86,0,0,9,23,422,416,630,624,850,841,1137,1135,1072,1003,1115,1098,1351,1349,1461,1478,1758,1713,2157,1790,2054,1940]} 1. e4 e5 2. Nf3 Nf6 3. d4 Nxe4 4. dxe5 d5 5. Nbd2 Nxd2 6. Qxd2 {C43: Petroff Defence: 3 d4} (6. Bxd2 Be7 7. Bd3 c5 8. c3 Nc6 9. O-O Bg4 10. Re1 Qd7 11. h3 Bh5 12. Bf4 Qe6 13. a3 O-O {0-1 (69) Grischuk,A (2767)-Caruana,F (2784) Berlin 2018}) 6... c5 7. Bd3 Be7 8. Qf4 {The position is equal.} h6 9. h4 Nc6 10. c3 g6 $146 (10... Be6 $15) ({Predecessor:} 10... Qd7 11. Qg3 Qg4 12. Bf4 O-O 13. O-O-O Qxg3 14. Bxg3 {½-½ (49) Launhardt,W (2132)-Kalyoncuoglu,O (2060) LSS email 2011}) 11. a3 Be6 12. b4 d4 13. bxc5 (13. cxd4 $14 Nxd4 14. Nxd4 Qxd4 15. Qxd4 cxd4 16. h5) 13... dxc3 $15 14. Be4 Bxc5 (14... Qc7 $17 {...0-0-0 is the strong threat.} 15. O-O O-O-O 16. Bxc6 Qxc6) 15. O-O $11 Qe7 16. Be3 Bxa3 $2 {[%mdl 8192] [#]} (16... g5 $11 17. hxg5 hxg5 18. Nxg5 O-O-O) 17. Bxc6+ $1 $18 Kf8 {[#]} (17... bxc6 $142 18. Qa4 {[%mdl 64] Double Attack} O-O) 18. Bxb7 $1 {[%mdl 512] White is clearly winning.} Rb8 (18... Qxb7 19. Rxa3) 19. Be4 a5 20. Nd4 g5 21. Qh2 Rc8 22. hxg5 Bc4 23. Rfe1 Bb4 24. gxh6 c2 25. Nf5 {Played: h6-h7} 1-0

[Event "Kurnosov Memorial Rapid 2019"]
[Site "Chelyabinsk"]
[Date "2019.09.06"]
[Round "3.9"]
[White "Potapov, Pavel"]
[Black "Matveev, Vladimir"]
[Result "0-1"]
[WhiteElo "2496"]
[BlackElo "2372"]
[Annotator "ChessBase"]
[PlyCount "102"]
[EventDate "2019.09.06"]
[EventType "swiss"]
[EventCountry "RUS"]
[SourceTitle "playchess.com"]
[Source "ChessBase"]
[SourceQuality "1"]
[TimeControl "900+10"]

1. e4 {[%emt 0:00:00]} d6 {[%emt 0:00:00]} 2. d4 {[%emt 0:00:00]} g6 {[%emt 0:00:00]} 3. Nc3 {[%emt 0:00:13]} Bg7 {[%emt 0:00:00]} 4. f4 {[%emt 0:00:05]} Nf6 {[%emt 0:00:00]} 5. Nf3 {[%emt 0:00:21]} c5 {[%emt 0:00:00]} 6. e5 {[%emt 0:01:28]} Nfd7 {[%emt 0:00:21]} 7. exd6 {[%emt 0:03:01]} O-O {[%emt 0:00:02]} 8. Be3 {[%emt 0:00:43]} exd6 {[%emt 0:01:06]} 9. Qd2 {[%emt 0:00:04]} Nc6 {[%emt 0:01:09]} 10. O-O-O {[%emt 0:00:11]} Re8 {[%emt 0:02:20]} 11. Bf2 {[%emt 0:00:30]} a6 {[%emt 0:00:54]} 12. h4 {[%emt 0:04:14]} Qa5 {[%emt 0:00:13]} 13. h5 {[%emt 0:00:41]} Nf6 {[%emt 0:00:25]} 14. h6 {[%emt 0:01:01]} Bh8 {[%emt 0:00:10]} 15. Kb1 {[%emt 0:00:59]} Bg4 {[%emt 0:00:11]} 16. Be2 {[%emt 0:01:28]} Ne4 {[%emt 0:02:19]} 17. Nxe4 {[%emt 0:00:10]} Rxe4 {[%emt 0:00:01]} 18. Qxa5 {[%emt 0:00:24]} Nxa5 {[%emt 0:00:01]} 19. Bd3 {[%emt 0:00:04]} Rxf4 {[%emt 0:00:05]} 20. dxc5 {[%emt 0:00:04]} dxc5 {[%emt 0:00:09]} 21. Bxc5 {[%emt 0:00:25]} Rxf3 {[%emt 0:00:27]} 22. gxf3 {[%emt 0:00:14]} Bxf3 {[%emt 0:00:01]} 23. Rhf1 {[%emt 0:00:15]} Bxd1 {[%emt 0:00:02]} 24. Rxd1 {[%emt 0:00:01]} Re8 {[%emt 0:02:19]} 25. a4 {[%emt 0:00:13]} Bf6 {[%emt 0:00:35]} 26. b4 {[%emt 0:00:31]} Nc6 {[%emt 0:00:01]} 27. Bc4 {[%emt 0:00:13]} Ne5 {[%emt 0:01:20]} 28. Bb3 {[%emt 0:00:18]} Bg5 {[%emt 0:00:45]} 29. Rh1 {[%emt 0:00:18]} Be7 {[%emt 0:01:24]} 30. Bxe7 {[%emt 0:00:33]} Rxe7 {[%emt 0:00:01]} 31. Rd1 {[%emt 0:00:04]} Kf8 {[%emt 0:00:11]} 32. c4 {[%emt 0:00:03]} Rd7 {[%emt 0:00:45]} 33. Re1 {[%emt 0:00:23]} Nd3 {[%emt 0:00:13]} 34. Rd1 {[%emt 0:00:01]} Ke7 {[%emt 0:00:01]} 35. b5 {[%emt 0:00:07]} Nc5 {[%emt 0:00:21]} 36. Re1+ {[%emt 0:00:01]} Kf6 {[%emt 0:00:30]} 37. Bc2 {[%emt 0:00:04]} Rd4 {[%emt 0:00:24]} 38. bxa6 {[%emt 0:00:20]} bxa6 {[%emt 0:00:04]} 39. Re8 {[%emt 0:00:02]} Rxc4 {[%emt 0:01:07]} 40. Rh8 {[%emt 0:00:04]} Nxa4 {[%emt 0:00:18]} 41. Rxh7 {[%emt 0:00:11]} Nc5 {[%emt 0:00:02]} 42. Rh8 {[%emt 0:00:13]} Rh4 {[%emt 0:00:03]} 43. Kb2 {[%emt 0:00:20]} a5 {[%emt 0:00:12]} 44. Rc8 {[%emt 0:00:25]} Ne6 {[%emt 0:00:03]} 45. Rh8 {[%emt 0:00:04]} Kg5 {[%emt 0:00:32]} 46. Rh7 {[%emt 0:00:26]} f5 {[%emt 0:00:01]} 47. Re7 {[%emt 0:00:04]} Nd4 {[%emt 0:00:01]} 48. Bd1 {[%emt 0:00:49]} Kxh6 {[%emt 0:00:18]} 49. Ra7 {[%emt 0:00:02]} Rh2+ {[%emt 0:00:16]} 50. Kc1 {[%emt 0:00:10]} Ra2 {[%emt 0:00:31]} 51. Kb1 {[%emt 0:00:07]} Nb5 {[%emt 0:00:04]} 0-1

[Event "Kurnosov Memorial Rapid 2019"]
[Site "Chelyabinsk"]
[Date "2019.09.06"]
[Round "3.10"]
[White "Urazayev, Arystanbek"]
[Black "Romanov, Evgeny"]
[Result "0-1"]
[WhiteElo "2442"]
[BlackElo "2579"]
[Annotator "RC"]
[PlyCount "156"]
[EventDate "2019.09.06"]
[EventType "swiss"]
[EventCountry "RUS"]
[SourceTitle "playchess.com"]
[Source "ChessBase"]
[SourceQuality "1"]
[TimeControl "900+10"]

1. e4 {[%emt 0:00:00]} e5 {[%emt 0:00:00]} 2. Nf3 {[%emt 0:00:00]} Nc6 {[%emt 0:00:00]} 3. Bb5 {[%emt 0:00:00]} g6 {[%emt 0:00:02]} 4. d4 {[%emt 0:00:00]} exd4 {[%emt 0:00:02]} 5. Bg5 {[%emt 0:00:04]} Be7 {[%emt 0:00:02]} 6. Bxe7 {[%emt 0:00:05]} Qxe7 {[%emt 0:00:01]} 7. Bxc6 {[%emt 0:00:04]} dxc6 {[%emt 0:00:02]} 8. Qxd4 {[%emt 0:00:04]} Nf6 {[%emt 0:00:02]} 9. Nc3 {[%emt 0:00:15]} Bg4 {[%emt 0:00:02]} 10. Nd2 {[%emt 0:00:02]} c5 {[%emt 0:00:02]} 11. Qe3 {[%emt 0:00:07]} O-O-O {[%emt 0:00:04]} 12. h3 {[%emt 0:00:03]} Bd7 {[%emt 0:00:07]} 13. O-O-O {[%emt 0:00:03]} Bc6 {[%emt 0:00:08]} 14. f3 {[%emt 0:00:02]} b6 {[%emt 0:00:18]} 15. Qg5 {[%emt 0:01:09]} h6 {[%emt 0:00:39]} 16. Qg3 {[%emt 0:00:57]} Nh5 {[%emt 0:00:35]} 17. Qf2 {[%emt 0:00:46]} Nf4 {[%emt 0:00:11]} 18. Kb1 {[%emt 0:01:07]} h5 {[%emt 0:01:21]} 19. h4 {[%emt 0:00:28]} Ne6 {[%emt 0:02:21]} 20. Nc4 {[%emt 0:00:51]} Nd4 {[%emt 0:00:14]} 21. Ne3 {[%emt 0:00:52]} f5 {[%emt 0:02:28]} 22. Ned5 {[%emt 0:01:48]} Qd6 {[%emt 0:00:02]} 23. Rhe1 {[%emt 0:01:32]} fxe4 {[%emt 0:00:05]} 24. fxe4 {[%emt 0:00:12]} Rhf8 {[%emt 0:00:02]} 25. Qe3 {[%emt 0:00:08]} Qe5 {[%emt 0:00:01]} 26. a4 {[%emt 0:00:52]} a5 {[%emt 0:00:58]} 27. Qg5 {[%emt 0:02:07]} Qxg5 {[%emt 0:00:49]} 28. hxg5 {[%emt 0:00:02]} Rf2 {[%emt 0:01:52]} 29. Rf1 {[%emt 0:02:21]} Rdf8 {[%emt 0:02:56]} 30. Rxf2 {[%emt 0:00:02]} Rxf2 {[%emt 0:00:02]} 31. Ne7+ {[%emt 0:00:50]} Kb7 {[%emt 0:00:00]} 32. Nxg6 {[%emt 0:00:32]} Rxg2 {[%emt 0:00:16]} 33. Nf4 {[%emt 0:00:22]} Rxg5 {[%emt 0:00:05]} 34. Rh1 {[%emt 0:00:02]} Rg4 {[%emt 0:01:11]} 35. Nxh5 {[%emt 0:00:25]} Bxe4 {[%emt 0:00:01]} 36. Nxe4 {[%emt 0:00:01]} Rxe4 {[%emt 0:00:02]} 37. Nf6 {[%emt 0:00:24]} Re2 {[%emt 0:00:13]} 38. c3 {[%emt 0:00:21]} Nb3 {[%emt 0:00:09]} 39. Ka2 {[%emt 0:00:21]} c4 {[%emt 0:00:08]} 40. Nd5 {[%emt 0:00:43]} Kc6 {[%emt 0:00:56]} 41. Nf4 {[%emt 0:00:02]} Rf2 {[%emt 0:00:20]} 42. Ne6 {[%emt 0:00:34]} Kd7 {[%emt 0:00:24]} 43. Re1 {[%emt 0:00:26]} c6 {[%emt 0:00:51]} 44. Ka3 {[%emt 0:00:21]} Rd2 {[%emt 0:00:23]} 45. Ng5 {[%emt 0:00:28]} Rg2 {[%emt 0:00:29]} 46. Nf3 {[%emt 0:00:14]} Kd6 {[%emt 0:00:26]} 47. Rd1+ {[%emt 0:00:11]} Kc7 {[%emt 0:00:30]} 48. Nd4 {[%emt 0:00:19]} Nc5 {[%emt 0:00:16]} 49. Rh1 {[%emt 0:00:03]} Nd3 {[%emt 0:00:28]} 50. Rh7+ {[%emt 0:00:14]} Kd6 {[%emt 0:00:09]} 51. Rh6+ {[%emt 0:00:05]} Kd5 {[%emt 0:00:01]} 52. Rh5+ {[%emt 0:00:21]} Ke4 {[%emt 0:00:01]} 53. Nxc6 {[%emt 0:00:05]} Rg1 {[%emt 0:00:26]} 54. Rh4+ {[%emt 0:00:03]} Kd5 {[%emt 0:00:01]} 55. Ne7+ {[%emt 0:00:01]} Ke6 {[%emt 0:00:10]} 56. Re4+ {[%emt 0:00:09]} Kd7 {[%emt 0:00:04]} 57. Rxc4 Kxe7 {[%emt 0:00:00]} 58. Re4+ {[%emt 0:00:42]} Kf7 {[%emt 0:00:00]} 59. b4 {[%emt 0:00:02]} Rb1 {[%emt 0:00:22]} 60. Ka2 {[%emt 0:00:10]} Rb2+ {[%emt 0:00:08]} 61. Ka3 {[%emt 0:00:02]} Rf2 {[%emt 0:00:14]} 62. Kb3 {[%emt 0:00:06]} Rf5 {[%emt 0:00:34]} 63. Kc4 {[%emt 0:00:17]} Nf4 {[%emt 0:00:05]} 64. Kb3 {[%emt 0:00:18]} Ne6 {[%emt 0:00:03]} 65. Rh4 {[%emt 0:00:05]} Ke7 {[%emt 0:00:09]} 66. Rh7+ {[%emt 0:00:10]} Kd6 {[%emt 0:00:01]} 67. Kc4 {[%emt 0:00:07]} Kc6 {[%emt 0:00:12]} 68. b5+ {[%emt 0:00:15]} Kd6 {[%emt 0:00:03]} 69. Rh6 {[%emt 0:00:14]} Rf4+ {[%emt 0:00:02]} 70. Kb3 {[%emt 0:00:01]} Ke5 {[%emt 0:00:12]} 71. Ka3 {[%emt 0:00:12]} Kd5 {[%emt 0:00:12]} 72. Rh5+ {[%emt 0:00:07]} Kc4 {[%emt 0:00:07]} 73. Rh6 {[%emt 0:00:07]} Re4 {[%emt 0:00:02]} 74. Kb2 {[%emt 0:00:06]} Re2+ {[%emt 0:00:02]} 75. Ka3 {[%emt 0:00:01]} Kxc3 {[%emt 0:00:27]} 76. Rh3+ {[%emt 0:00:04]} Kd4 {[%emt 0:00:04]} 77. Rh4+ {[%emt 0:00:15]} Re4 {[%emt 0:00:02]} 78. Rh8 {[%emt 0:00:07]} Nc5 {[%emt 0:00:07]} 0-1

[Event "Kurnosov Memorial Rapid 2019"]
[Site "Chelyabinsk"]
[Date "2019.09.06"]
[Round "4.1"]
[White "Bareev, Evgeny"]
[Black "Mirzoev, Azer"]
[Result "1/2-1/2"]
[WhiteElo "2643"]
[BlackElo "2502"]
[Annotator "TA"]
[PlyCount "90"]
[EventDate "2019.09.06"]
[EventType "swiss"]
[EventCountry "RUS"]
[SourceTitle "playchess.com"]
[Source "ChessBase"]
[SourceQuality "1"]

{[%evp 10,90,8,4,13,2,4,-7,7,0,0,-14,-10,-10,0,-13,0,0,0,0,0,-1,0,0,0,0,0,0,0,0,0,-11,-23,-25,10,12,11,0,0,0,3,0,20,0,0,0,9,5,20,15,20,22,23,23,29,29,29,29,33,29,35,34,34,34,49,16,23,0,48,0,26,-5,-5,-6,-6,-6,0,0,0,0,0,0,0]} 1. Nf3 d5 2. g3 Nf6 3. Bg2 c6 4. O-O Bg4 5. c4 e6 6. Qb3 Qb6 {A11: English Opening: 1...c6} 7. d3 Nbd7 8. Qc2 (8. Be3 Bc5 9. Bxc5 Nxc5 10. Qa3 O-O 11. Nbd2 a5 12. Rac1 Ncd7 13. h3 Bxf3 14. Nxf3 {½-½ (55) Artemiev,V (2736)-Bu,X (2731) Astana 2019}) 8... Be7 9. Nc3 O-O 10. Be3 Qa6 11. cxd5 cxd5 12. h3 $146 ({Predecessor:} 12. Qb3 Nc5 13. Qb5 Qxb5 14. Nxb5 {1-0 (65) Martinez Alcantara,J (2601)-Ravi,T (2410) Riga 2019}) 12... Bh5 13. g4 Bg6 14. Nh4 Rfc8 15. Qd2 Ne8 16. Nxg6 hxg6 17. Rfc1 Bf6 {[#] White must now prevent ...d4.} 18. d4 Nd6 19. b3 Rc6 20. Rc2 Rac8 21. Rac1 $1 Nb5 (21... Qa3 {keeps more tension.} 22. Bf1 Qb4 23. Qd3 a5 24. Na4 Nc4) 22. Nxb5 Qxb5 23. Rxc6 Rxc6 24. Rxc6 Qxc6 25. Bf4 a6 26. Qd3 Be7 27. Bd2 (27. g5 {with more complications.} Nb6 28. h4 Bd6 29. Bxd6 Qxd6 30. Qg3) 27... Nf6 28. Qc3 Qxc3 29. Bxc3 $11 {[%mdl 4096] Endgame KBB-KBN} Ne4 30. Be1 Bh4 31. Kf1 f5 32. e3 Kf7 33. Ke2 Be7 34. f3 Nf6 35. Kd3 Bd6 36. Bd2 Nd7 37. e4 Nb8 38. b4 Nd7 39. h4 Nb6 40. h5 gxh5 {The position is equal.} 41. gxh5 Nc4 42. Be1 Nb2+ 43. Kc2 Nc4 {[#] Threatens to win with ...Ne3+.} 44. Kd3 Nb2+ 45. Kc2 Nc4 {Accuracy: White = 55%, Black = 51%.} 1/2-1/2

[Event "Kurnosov Memorial Rapid 2019"]
[Site "Chelyabinsk"]
[Date "2019.09.06"]
[Round "4.2"]
[White "Khusenkhojaev, Muhammad"]
[Black "Movsesian, Sergei"]
[Result "0-1"]
[WhiteElo "2450"]
[BlackElo "2654"]
[Annotator "RC"]
[PlyCount "70"]
[EventDate "2019.09.06"]
[EventType "swiss"]
[EventCountry "RUS"]
[SourceTitle "playchess.com"]
[Source "ChessBase"]
[SourceQuality "1"]
[TimeControl "900+10"]

1. Nf3 {[%emt 0:00:00]} d5 {[%emt 0:00:00]} 2. d4 {[%emt 0:00:00]} Nf6 {[%emt 0:00:00]} 3. c4 {[%emt 0:00:00]} e6 {[%emt 0:00:00]} 4. g3 {[%emt 0:00:00]} Bb4+ {[%emt 0:00:11]} 5. Bd2 {[%emt 0:00:00]} a5 {[%emt 0:00:07]} 6. Qc2 {[%emt 0:00:28]} dxc4 {[%emt 0:00:22]} 7. Qxc4 {[%emt 0:00:08]} b6 {[%emt 0:00:23]} 8. Bg2 {[%emt 0:00:25]} Ba6 {[%emt 0:00:22]} 9. Qc2 {[%emt 0:00:06]} O-O {[%emt 0:00:14]} 10. Nc3 {[%emt 0:00:52]} Nc6 {[%emt 0:01:45]} 11. O-O {[%emt 0:00:49]} Rc8 {[%emt 0:00:30]} 12. a3 {[%emt 0:00:44]} Be7 {[%emt 0:00:15]} 13. Qa4 {[%emt 0:00:04]} Qd7 {[%emt 0:00:42]} 14. Rfc1 {[%emt 0:00:53]} Rfd8 {[%emt 0:00:40]} 15. e3 {[%emt 0:00:32]} Qe8 {[%emt 0:01:30]} 16. Be1 {[%emt 0:00:14]} h6 {[%emt 0:00:18]} 17. b4 {[%emt 0:00:48]} axb4 {[%emt 0:00:57]} 18. Qxa6 {[%emt 0:02:43]} bxc3 {[%emt 0:00:03]} 19. Rxc3 {[%emt 0:00:06]} Nb4 {[%emt 0:01:41]} 20. Qe2 {[%emt 0:00:41]} Nbd5 {[%emt 0:00:02]} 21. Rc2 {[%emt 0:00:09]} c5 {[%emt 0:00:02]} 22. Rb1 {[%emt 0:01:04]} cxd4 {[%emt 0:00:20]} 23. Nxd4 {[%emt 0:00:05]} Bxa3 {[%emt 0:00:21]} 24. Rxc8 {[%emt 0:02:58]} Rxc8 {[%emt 0:00:02]} 25. e4 {[%emt 0:00:02]} Bc5 {[%emt 0:02:48]} 26. Nb5 {[%emt 0:01:27]} Nc7 {[%emt 0:00:17]} 27. e5 {[%emt 0:00:10]} Nxb5 {[%emt 0:00:02]} 28. exf6 {[%emt 0:00:01]} Nd4 {[%emt 0:00:01]} 29. Qg4 {[%emt 0:00:01]} g6 {[%emt 0:00:12]} 30. Bd2 {[%emt 0:01:12]} h5 {[%emt 0:00:58]} 31. Qg5 {[%emt 0:00:03]} Qd8 {[%emt 0:00:07]} 32. Be4 {[%emt 0:00:39]} Nf5 {[%emt 0:01:04]} 33. Bb4 {[%emt 0:00:58]} Qd4 {[%emt 0:00:51]} 34. Bxc5 {[%emt 0:02:04]} Qxe4 {[%emt 0:00:16]} 35. Rxb6 {[%emt 0:00:08]} Rxc5 {[%emt 0:00:26]} 0-1

[Event "Kurnosov Memorial Rapid 2019"]
[Site "Chelyabinsk"]
[Date "2019.09.06"]
[Round "4.3"]
[White "Bocharov, Dmitry"]
[Black "Drygalov, Sergey"]
[Result "1-0"]
[WhiteElo "2519"]
[BlackElo "2487"]
[Annotator "ChessBase"]
[PlyCount "69"]
[EventDate "2019.09.06"]
[EventType "swiss"]
[EventCountry "RUS"]
[SourceTitle "playchess.com"]
[Source "ChessBase"]
[SourceQuality "1"]
[TimeControl "900+10"]

1. c4 {[%emt 0:00:00]} e5 {[%emt 0:00:00]} 2. d3 {[%emt 0:00:00]} Nc6 {[%emt 0:00:00]} 3. Nf3 {[%emt 0:00:01]} g6 {[%emt 0:00:00]} 4. Nc3 {[%emt 0:00:06]} Bg7 {[%emt 0:00:05]} 5. g3 {[%emt 0:00:02]} Nge7 {[%emt 0:02:03]} 6. Bg2 {[%emt 0:00:02]} O-O {[%emt 0:00:08]} 7. O-O {[%emt 0:00:05]} Nd4 {[%emt 0:00:31]} 8. Nd2 {[%emt 0:03:50]} c6 {[%emt 0:01:01]} 9. b3 {[%emt 0:00:35]} d5 {[%emt 0:02:00]} 10. Ba3 {[%emt 0:00:08]} dxc4 {[%emt 0:01:34]} 11. Nxc4 {[%emt 0:00:14]} Be6 {[%emt 0:01:05]} 12. e3 {[%emt 0:00:14]} Ndf5 {[%emt 0:00:38]} 13. Ne4 {[%emt 0:00:08]} Bd5 {[%emt 0:00:34]} 14. Rc1 {[%emt 0:00:53]} b6 {[%emt 0:00:22]} 15. Qd2 {[%emt 0:00:06]} a5 {[%emt 0:01:33]} 16. Bb2 {[%emt 0:00:12]} f6 {[%emt 0:00:32]} 17. f4 {[%emt 0:00:24]} b5 {[%emt 0:00:48]} 18. fxe5 {[%emt 0:00:32]} bxc4 {[%emt 0:01:33]} 19. exf6 {[%emt 0:00:56]} Bh6 {[%emt 0:00:02]} 20. fxe7 {[%emt 0:00:36]} Qxe7 {[%emt 0:00:02]} 21. Rce1 {[%emt 0:00:55]} cxd3 {[%emt 0:00:10]} 22. Qxd3 {[%emt 0:01:31]} Rae8 {[%emt 0:00:09]} 23. Nf6+ {[%emt 0:02:50]} Rxf6 {[%emt 0:00:18]} 24. Bxf6 {[%emt 0:00:02]} Bxe3+ {[%emt 0:00:44]} 25. Rxe3 {[%emt 0:00:59]} Qxe3+ {[%emt 0:00:16]} 26. Qxe3 {[%emt 0:00:01]} Nxe3 {[%emt 0:00:03]} 27. Bxd5+ {[%emt 0:00:02]} Nxd5 {[%emt 0:00:03]} 28. Bg5 {[%emt 0:00:04]} a4 {[%emt 0:00:41]} 29. bxa4 {[%emt 0:00:06]} Ra8 {[%emt 0:00:03]} 30. Bh6 {[%emt 0:00:09]} Nb6 {[%emt 0:01:21]} 31. Rf6 {[%emt 0:01:07]} Nd7 {[%emt 0:01:21]} 32. Rxc6 {[%emt 0:00:28]} Kf7 {[%emt 0:00:02]} 33. Rc4 {[%emt 0:00:23]} Nb6 {[%emt 0:00:03]} 34. Rc7+ {[%emt 0:00:04]} Ke6 {[%emt 0:00:04]} 35. Rc6+ {[%emt 0:00:02]} 1-0

[Event "Kurnosov Memorial Rapid 2019"]
[Site "Chelyabinsk"]
[Date "2019.09.06"]
[Round "4.4"]
[White "Matveev, Vladimir"]
[Black "Yudin, Sergei"]
[Result "1-0"]
[WhiteElo "2372"]
[BlackElo "2494"]
[Annotator "ChessBase"]
[PlyCount "37"]
[EventDate "2019.09.06"]
[EventType "swiss"]
[EventCountry "RUS"]
[SourceTitle "playchess.com"]
[Source "ChessBase"]
[SourceQuality "1"]
[TimeControl "900+10"]

1. d4 {[%emt 0:00:00]} d5 {[%emt 0:01:20]} 2. c4 {[%emt 0:00:00]} e6 {[%emt 0:00:03]} 3. Nf3 {[%emt 0:00:00]} c6 {[%emt 0:00:02]} 4. Nbd2 {[%emt 0:00:10]} Nf6 {[%emt 0:00:02]} 5. g3 {[%emt 0:00:01]} Bd6 {[%emt 0:00:02]} 6. Bg2 {[%emt 0:00:01]} O-O {[%emt 0:00:01]} 7. O-O {[%emt 0:00:50]} Nbd7 {[%emt 0:00:27]} 8. Qc2 {[%emt 0:00:04]} Re8 {[%emt 0:00:01]} 9. e4 {[%emt 0:02:47]} Nxe4 {[%emt 0:00:21]} 10. Nxe4 {[%emt 0:00:01]} dxe4 {[%emt 0:00:01]} 11. Qxe4 {[%emt 0:00:01]} e5 {[%emt 0:00:01]} 12. dxe5 {[%emt 0:00:03]} Nxe5 {[%emt 0:00:02]} 13. Bd2 {[%emt 0:02:15]} Bg4 {[%emt 0:01:20]} 14. Nxe5 {[%emt 0:00:21]} Bxe5 {[%emt 0:00:14]} 15. Qxg4 {[%emt 0:00:02]} Qxd2 {[%emt 0:00:03]} 16. Rad1 {[%emt 0:00:21]} Qa5 {[%emt 0:01:08]} 17. Rd7 {[%emt 0:00:08]} Rab8 {[%emt 0:00:21]} 18. Qf5 {[%emt 0:00:18]} f6 {[%emt 0:00:16]} 19. Be4 {[%emt 0:00:20]} 1-0

[Event "Kurnosov Memorial Rapid 2019"]
[Site "Chelyabinsk"]
[Date "2019.09.06"]
[Round "4.5"]
[White "Romanov, Evgeny"]
[Black "Harutjunyan, Gevorg"]
[Result "1-0"]
[WhiteElo "2579"]
[BlackElo "2455"]
[Annotator "ChessBase"]
[PlyCount "49"]
[EventDate "2019.09.06"]
[EventType "swiss"]
[EventCountry "RUS"]
[SourceTitle "playchess.com"]
[Source "ChessBase"]
[SourceQuality "1"]
[TimeControl "900+10"]

1. c4 {[%emt 0:00:00]} e5 {[%emt 0:00:10]} 2. d3 {[%emt 0:00:00]} c6 {[%emt 0:00:52]} 3. Nf3 {[%emt 0:00:02]} Nf6 {[%emt 0:00:14]} 4. Bg5 {[%emt 0:00:46]} h6 {[%emt 0:01:22]} 5. Bh4 {[%emt 0:00:02]} e4 {[%emt 0:00:46]} 6. dxe4 {[%emt 0:01:01]} Qa5+ {[%emt 0:00:34]} 7. Nfd2 {[%emt 0:00:12]} Nxe4 {[%emt 0:00:23]} 8. e3 {[%emt 0:00:11]} g5 {[%emt 0:00:37]} 9. Bg3 {[%emt 0:00:05]} Bg7 {[%emt 0:00:07]} 10. Nc3 {[%emt 0:05:24]} Nxc3 {[%emt 0:01:45]} 11. bxc3 {[%emt 0:00:01]} Bxc3 {[%emt 0:00:03]} 12. Bd6 {[%emt 0:01:02]} Na6 {[%emt 0:01:21]} 13. Qc2 {[%emt 0:02:46]} Nc5 {[%emt 0:02:23]} 14. Rd1 {[%emt 0:00:33]} b6 {[%emt 0:00:50]} 15. h4 {[%emt 0:00:40]} Ba6 {[%emt 0:00:59]} 16. hxg5 {[%emt 0:00:09]} hxg5 {[%emt 0:00:10]} 17. Rxh8+ {[%emt 0:00:40]} Bxh8 {[%emt 0:00:03]} 18. Be2 {[%emt 0:00:13]} O-O-O {[%emt 0:00:18]} 19. Kf1 {[%emt 0:00:01]} Re8 {[%emt 0:03:07]} 20. Bg4 {[%emt 0:01:22]} Qa4 {[%emt 0:00:35]} 21. Qf5 {[%emt 0:02:00]} Bxc4+ {[%emt 0:01:10]} 22. Nxc4 {[%emt 0:00:03]} Qxc4+ {[%emt 0:00:02]} 23. Kg1 {[%emt 0:00:08]} Re6 {[%emt 0:00:42]} 24. Bxc5 {[%emt 0:00:21]} bxc5 {[%emt 0:00:08]} 25. Qxf7 {[%emt 0:00:06]} 1-0

[Event "Kurnosov Memorial Rapid 2019"]
[Site "Chelyabinsk"]
[Date "2019.09.06"]
[Round "4.6"]
[White "Kotsur, Pavel"]
[Black "Kostenko, Petr"]
[Result "1/2-1/2"]
[WhiteElo "2528"]
[BlackElo "2472"]
[Annotator "TA"]
[PlyCount "26"]
[EventDate "2019.09.06"]
[EventType "swiss"]
[EventCountry "RUS"]
[SourceTitle "playchess.com"]
[Source "ChessBase"]
[SourceQuality "1"]

{[%evp 25,26,13,7]} 1. e4 e5 2. Nf3 Nc6 3. Bb5 a6 4. Ba4 Nf6 5. O-O Be7 6. Re1 b5 7. Bb3 d6 8. c3 O-O 9. h3 Re8 10. Ng5 Rf8 11. Nf3 Bb7 12. d4 Re8 13. Ng5 $146 ({Predecessor:} 13. Nbd2 Bf8 14. a3 g6 15. Ba2 Bg7 16. b4 exd4 17. cxd4 a5 18. Rb1 axb4 19. d5 Ne5 20. Nxe5 dxe5 21. Rxb4 c6 22. dxc6 Bxc6 23. Qf3 Bf8 24. Rb1 {1-0 (33) Topalov,V (2740)-Mamedyarov,S (2790) Shamkir 2019}) 13... Rf8 1/2-1/2